| 000 | 01268nam2a2200301 4500 | ||
|---|---|---|---|
| 001 | RU\NLR\BIBL_A\011828673 | ||
| 005 | 20181101125526.0 | ||
| 010 |
_a978-5-9908789-8-3 _z1000 |
||
| 021 |
_aRU _bКН-П-18-069132 _9КН-П-18-4972 |
||
| 035 | _a(NLR Aleph) 011828673 | ||
| 035 | _a(RuMoRGB)009747833 | ||
| 090 |
_a11999778 _c11999778 |
||
| 100 | _a20181019d2018 k y0rusy50 ca | ||
| 101 | 0 | _arus | |
| 102 | _aRU | ||
| 105 | _aac||g|||001zy | ||
| 200 | 0 | _aТ. 1 | |
| 210 | _d2018 | ||
| 215 |
_a175 с. _cцв. ил. |
||
| 320 | _aБиблиогр.: с. 171 | ||
| 320 | _aУказ. лат. назв. грибов: с. 168-169 | ||
| 320 | _aУказ. рус. назв. грибов: с. 169-170 | ||
| 461 | 0 |
_1001RU\NLR\BIBL_A\011850006 _12000#$aГрибы в Вологодской области$eсправочник$fН.Р. Будник, Е.Л. Мекк$vТ. 1 _1700#1$aБудник$bН.Р.$gНиколай Роальдович _912097770 _aБудник, Н.Р. _cЧереповец _d2018 _fН.Р. Будник, Е.Л. Мекк _nПорт-Апрель _oсправочник : в 2-х тт. _tГрибы в Вологодской области _vТ. 1 |
|
| 942 | _cBOOK | ||
| 980 | _aNBR | ||
| 980 | _aNB | ||